| 000 | 00678nam a2200169Ia 4500 | ||
|---|---|---|---|
| 008 | 081213s9999 xx 000 0 und d | ||
| 020 | _c9781546581 | ||
| 050 |
_aPR9387.9 _b.E44 1985 |
||
| 100 | _aEmenyonu, Ernest N. | ||
| 245 |
_aAfrican literature for secondary schools _cErnest N. Emenyonu and Benaiah E. C. Oguzie. |
||
| 260 |
_c1985 _aIbadan _bUniversity Press Limited |
||
| 300 |
_a244 p. ; _c21 cm. |
||
| 650 | _aAfrican literature -- Study and teaching (Secondary) | ||
| 700 | _aOguzie, Benaiah E. C | ||
| 942 |
_cBK _2lcc |
||
| 999 |
_c26259 _d26259 |
||